| 000 | 00463nam a22001697a 4500 | ||
|---|---|---|---|
| 003 | CEME | ||
| 005 | 20210628204028.0 | ||
| 008 | 210105b xxu||||| |||| 00| 0 eng d | ||
| 020 | _a0471127329 | ||
| 040 | _cceme | ||
| 082 | _a629.8 KRS | ||
| 100 |
_aKrstic, Miroslav, Kanellakapoulos, Loannis, Kokotovic, Petar _968330 |
||
| 245 | _aNonlinear and adaptive control design | ||
| 260 |
_aUSA _bJOHN WILEY & SONS _c1995 |
||
| 300 | _aXIII,563P | ||
| 942 |
_cBK _2ddc |
||
| 999 |
_c575929 _d575929 |
||